00314 a2200097 4500001001000000005001700010008004100027245006200068100002300130773006300153ART_1147020260410161857.0260409a 10aLas políticas económicas en el gobierno de Alfonsín1 aVisintini, Alfredo0 tRevista de Economíag- Nº 68 (ene./mar. 1993)wREV11077